000 00295 a2200121 4500
000 nam a22 7a 4500
005 20260202122826.0
020 _a9788199310735
100 _aChandrabali Pandey
_91113097
245 _aVichar-Vimarsh
260 _bNayee kitab prakashan
_c2025
942 _cTEXL
999 _c1678469
_d1678469